[Event "1. liga - V 17/18, Trinec-Ostrava"]
[Site ""]
[Date "2018.01.21"]
[Round "6.3"]
[White "Nedela, Vlastimil"]
[Black "Malik, Jan"]
[Result "1/2-1/2"]
[WhiteElo "2325"]
[BlackElo "2270"]
[PlyCount "0"]
[WhiteTeam "TZ Trinec"]
[BlackTeam "TJ Ostrava "A""]
[EventDate "2017.10.22"]

1. Nf3  d5  2. g3  Nf6  3. Bg2  e6  4. O-O 
Be7  5. d4  O-O  6. b3  b6  7. Bb2  Bb7  8.
Nbd2  c6  9. c4  Na6  10. Rc1  Rc8  11. Ne5 
c5  12. e3  Rc7  13. Qe2  Qc8  14. cxd5  exd5  15. a3  Nb8  16. Rfe1 
Re8  17. dxc5  bxc5  18. e4  dxe4  19. Nxe4  Nxe4  20. Bxe4  Bxe4  21. Qxe4  Bf6  22. Qc2  Rce7  23.
Nf3  Rxe1+  1/2-1/2

[Event "1. liga - V 17/18, Trinec-Ostrava"]
[Site ""]
[Date "2018.01.21"]
[Round "6.4"]
[White "Brecka, Ivan"]
[Black "Walek, Milan"]
[Result "1-0"]
[WhiteElo "2310"]
[BlackElo "2288"]
[PlyCount "0"]
[WhiteTeam "TJ Ostrava "A""]
[BlackTeam "TZ Trinec"]
[EventDate "2017.10.22"]

1. e4  c5  2. Nf3  Nc6  3. d4  cxd4  4. Nxd4 
Nf6  5. Nc3  d6  6. Bg5  e6  7. Qd2  a6  8.
O-O-O  Bd7  9. f4  h6  10. Bh4  Nxe4  11. Qe1 
Nf6  12. Nf5  Qa5  13. Nxd6+  Bxd6  14. Rxd6  Rc8  15. Qd2  Rc7  16. Kb1 
b5  17. Be2  g5  18. fxg5  b4  19. gxf6  bxc3  20. Qxc3  Qxc3  21. bxc3 
O-O  22. Rhd1  Rb8+  23. Kc1  Be8  24. Bxa6  Ra7  25. Bd3  Rxa2  26. Bg3  e5
 27. Kd2  Ra4  28. Re1  Rg4  29. Re4  Rg5 
30. Rc4  Na5  31. Rc5  Nb7  32. Rb6  e4  33. Rxg5+  1-0

[Event "1. liga - V 17/18, Trinec-Ostrava"]
[Site ""]
[Date "2018.01.21"]
[Round "6.5"]
[White "Fargac, Martin"]
[Black "Mrva, Marek"]
[Result "0-1"]
[WhiteElo "2257"]
[BlackElo "2179"]
[PlyCount "0"]
[WhiteTeam "TZ Trinec"]
[BlackTeam "TJ Ostrava "A""]
[EventDate "2017.10.22"]

1. d4  Nf6  2. Nf3  c5  3. e3  g6  4. Be2 
Bg7  5. O-O  O-O  6. c4  b6  7. Nc3  d6  8. d5
 Na6  9. e4  Nc7  10. Bg5  a6  11. Qc2  Rb8
 12. Rad1  b5  13. Rfe1  Nd7  14. Bf1  f6  15.
Bc1  bxc4  16. a4  Ne5  17. Nd2  e6  18. Bxc4  Nxc4  19. Nxc4  e5  20. f3  Rf7  21. Nb1  f5  22. Bd2  Ne8  23. Nba3 
Qh4  24. Na5  Bf8  25. Nc6  Rbb7  26. Nc4  f4  27. Ba5  Rg7  28. Qf2  Qh6
 29. Rd3  g5  30. Nb6  Bd7  31. Nxd7  Rgxd7 
32. Ra1  Qg6  33. h3  h5  34. Qe2  g4  35. fxg4  hxg4  36. Qxg4  Qxg4 
37. hxg4  Nf6  38. Re1  Rxb2  39. g5  Ng4  40. Bd8  Rdb7  41. Ba5  Ra2  42.
Rd2  Rxa4  0-1

[Event "1. liga - V 17/18, Trinec-Ostrava"]
[Site ""]
[Date "2018.01.21"]
[Round "6.7"]
[White "Frolik, Martin"]
[Black "Hladik, Oto"]
[Result "1/2-1/2"]
[WhiteElo "2182"]
[BlackElo "2177"]
[PlyCount "0"]
[WhiteTeam "TZ Trinec"]
[BlackTeam "TJ Ostrava "A""]
[EventDate "2017.10.22"]

1. d4  Nf6  2. Nf3  g6  3. c4  Bg7  4. Nc3 
d6  5. e4  O-O  6. Be2  Bg4  7. h3  Bxf3  8.
Bxf3  Nbd7  9. Be3  Rb8  10. O-O  a6  11. a4 
a5  12. Qc2  e5  13. d5  Nc5  14. Rad1  Ne8 
15. Bg4  Nf6  16. Be2  Nfd7  17. Bg4  Nf6  1/2-1/2

[Event "1. liga - V 17/18, Trinec-Ostrava"]
[Site ""]
[Date "2018.01.21"]
[Round "6.8"]
[White "Pacl, Vaclav"]
[Black "Sikorova, Olga"]
[Result "0-1"]
[WhiteElo "2104"]
[BlackElo "2205"]
[PlyCount "0"]
[WhiteTeam "TJ Ostrava "A""]
[BlackTeam "TZ Trinec"]
[EventDate "2017.10.22"]

1. d4  Nf6  2. Nf3  g6  3. c4  Bg7  4. e3 
O-O  5. Be2  c5  6. d5  e6  7. Nc3  exd5  8.
cxd5  d6  9. O-O  Na6  10. e4  Nc7  11. a4 
Rb8  12. Nd2  b6  13. Nc4  Ba6  14. Bf4  Bxc4  15. Bxc4  Nh5  16. Be3 
Re8  17. Bd3  a6  18. Qd2  b5  19. axb5  axb5  20. Ra2  Nf6  21. Bg5  c4
 22. Bb1  b4  23. Nd1  h6  24. Bxh6  Nxe4  25.
Bxe4  Bxh6  26. Qxh6  Rxe4  27. Qd2  Qf6  28. Ne3  Rd4  29. Qc1  Nxd5  30.
Nxd5  Rxd5  31. Qxc4  Rd2  32. Qb3  Qd4  33. Qe3  Qd5  34. Ra5  Qd4  35.
Qxd4  Rxd4 36. f3  Rc8  37. Ra7
 Rc2  38. Re1  Rdd2  0-1

[Event "1. liga - V 17/18, Opava-SM"]
[Site ""]
[Date "2018.01.21"]
[Round "6.1"]
[White "Caletka, Radomir"]
[Black "Babula, Vlastimil"]
[Result "0-1"]
[WhiteElo "2291"]
[BlackElo "2555"]
[PlyCount "0"]
[WhiteTeam "KVS Ekodivize Opava"]
[BlackTeam "SK Stare Mesto"]
[EventDate "2017.10.22"]

1. Nf3 c5 2. c4 Nc6 3. b3 e5 4. Bb2 d6 5. Nc3 g6 6. g3 Bg7 7. d3 Nge7 8. Bg2
O-O 9. O-O f5 10. e3 h6 11. Qe2 g5 12. Nd2 f4 13. Nd5 Nxd5 14. Bxd5+ Kh8 15.
Qh5 Bf5 16. Be4 Qd7 17. Bxf5 Qxf5 18. Ne4 Rad8 19. gxf4 gxf4 20. Qxf5 Rxf5 21.
Bc3 b6 22. a3 d5 23. cxd5 Rxd5 24. Rad1 Rf7 25. Rd2 Ne7 26. b4 cxb4 27. Bxb4
Nf5 28. exf4 exf4 29. Rc1 Kh7 30. Bc3 Nd4 31. Bxd4 Bxd4 32. Rc6 f3 33. Rdc2 Be5
34. Rd2 Ra5 35. Ra2 Rb5 36. Rc1 Rb3 37. Rd1 Rd7 38. Rad2 Rxa3 39. h3 Rd4 0-1

[Event "1. liga - V 17/18, Opava-SM"]
[Site ""]
[Date "2018.01.21"]
[Round "6.2"]
[White "Kanovsky, David"]
[Black "Rakus, Pavel"]
[Result "0-1"]
[WhiteElo "2408"]
[BlackElo "2238"]
[PlyCount "0"]
[WhiteTeam "SK Stare Mesto"]
[BlackTeam "KVS Ekodivize Opava"]
[EventDate "2017.10.22"]

1. e4 c5 2. Nf3 Nc6 3. d4 cxd4 4. Nxd4 Nf6 5. Nc3 e5 6. Ndb5 d6 7. Nd5 Nxd5 8.
exd5 Ne7 9. c3 Nf5 10. a4 Be7 11. Be2 O-O 12. O-O Bd7 13. g3 Kh8 14. Re1 g5 15.
Bf1 Ng7 16. Kh1 f5 17. f4 gxf4 18. gxf4 a6 19. Nxd6 Bxd6 20. fxe5 Bc5 21. b4
Bf2 22. Re2 Qh4 23. Qd2 Ba7 24. e6 Nxe6 25. dxe6 Bc6+ 26. Bg2 Rad8 27. Qe1
Bxg2+ 28. Kxg2 Rg8+ 29. Kh1 Qg4 0-1

[Event "1. liga - V 17/18, Opava-SM"]
[Site ""]
[Date "2018.01.21"]
[Round "6.3"]
[White "Nabelek, Marek"]
[Black "Sosna, Jan"]
[Result "0-1"]
[WhiteElo "2223"]
[BlackElo "2332"]
[PlyCount "0"]
[WhiteTeam "KVS Ekodivize Opava"]
[BlackTeam "SK Stare Mesto"]
[EventDate "2017.10.22"]

1. e4 e5 2. Nf3 Nc6 3. Bc4 Bc5 4. d3 Nf6 5. Nc3 d6 6. Be3 Bb6 7. h3 O-O 8. Qd2
Be6 9. Bg5 Nd4 10. O-O-O Ba5 11. Bb3 c6 12. Qe1 b5 13. Bd2 Bb6 14. Nxd4 exd4
15. Nb1 Nd7 16. f4 a5 17. f5 Bxb3 18. axb3 Ne5 19. Qg3 f6 20. h4 Kh8 21. Qh3 a4
22. bxa4 Rxa4 23. Bf4 c5 24. Bxe5 dxe5 25. Na3 c4 26. Nxb5 Ba5 27. c3 Qb6 28.
dxc4 Rxc4 29. Na3 Rc7 30. Rd2 Bxc3 31. Rc2 Bxb2+ 32. Kd1 Rc3 0-1

[Event "1. liga - V 17/18, Opava-SM"]
[Site ""]
[Date "2018.01.21"]
[Round "6.4"]
[White "Husek, Martin"]
[Black "Zalesky, Karel"]
[Result "1-0"]
[WhiteElo "2182"]
[BlackElo "2029"]
[PlyCount "0"]
[WhiteTeam "SK Stare Mesto"]
[BlackTeam "KVS Ekodivize Opava"]
[EventDate "2017.10.22"]

1. e4 c5 2. Nf3 d6 3. d4 cxd4 4. Nxd4 Nf6 5. Nc3 a6 6. Bg5 e6 7. f4 Be7 8. Qf3
Nbd7 9. Bc4 Nc5 10. O-O-O Qc7 11. Bxf6 Bxf6 12. Rhe1 O-O 13. g4 b5 14. Bf1 b4
15. Nce2 Bb7 16. Ng3 d5 17. e5 Bh4 18. g5 Ne4 19. Bd3 g6 20. Bxe4 dxe4 21. Nxe4
Bxe1 22. Nf6+ Kh8 23. Qh3 h5 24. Nxe6 Qc8 25. Rd7 Be4 26. Rc7 Bf5 27. Rxc8
Rfxc8 28. Qe3 Rxc2+ 29. Kd1 Rac8 30. Nd4 Bd2 31. Qb3 R2c4 32. Nxf5 Bxf4 33. Nd6
Rc1+ 34. Ke2 R8c2+ 35. Kd3 Rc7 36. Nxf7+ 1-0*

[Event "1. liga - V 17/18, Opava-SM"]
[Site ""]
[Date "2018.01.21"]
[Round "6.5"]
[White "Muzik, Martin"]
[Black "Bazant, Petr"]
[Result "1/2-1/2"]
[WhiteElo "2182"]
[BlackElo "2305"]
[PlyCount "0"]
[WhiteTeam "KVS Ekodivize Opava"]
[BlackTeam "SK Stare Mesto"]
[EventDate "2017.10.22"]

1. e4 e5 2. Nf3 Nc6 3. Bc4 Nf6 4. d3 Bc5 5. c3 d6 6. Bb3 Bb6 7. O-O Ne7 8. Nbd2
c6 9. Nc4 Bc7 10. Re1 O-O 11. a4 Ng6 12. Bc2 h6 13. h3 Be6 14. b3 a6 15. d4 b5
16. Ne3 Nf4 17. Nf5 Re8 18. dxe5 dxe5 19. Qxd8 Raxd8 20. axb5 axb5 21. Ra6 Bd7
22. g3 Ne6 23. Be3 Kh7 24. Rea1 Bc8 25. Ra7 Rd7 26. b4 Ng8 27. Nd2 g6 28. Nh4
Ng5 29. Nhf3 Nxh3+ 30. Kg2 Ng5 31. Nxg5+ hxg5 1/2-1/2

[Event "1. liga - V 17/18, Opava-SM"]
[Site ""]
[Date "2018.01.21"]
[Round "6.6"]
[White "Bazant, Petr"]
[Black "Rambousek, Jan"]
[Result "1-0"]
[WhiteElo "2234"]
[BlackElo "2004"]
[PlyCount "0"]
[WhiteTeam "SK Stare Mesto"]
[BlackTeam "KVS Ekodivize Opava"]
[EventDate "2017.10.22"]

1. d4 Nf6 2. c4 g6 3. f3 Bg7 4. e4 d6 5. Be3 c6 6. Nc3 a6 7. a4 a5 8. Qd2 O-O
9. Bd3 Nbd7 10. Nge2 e5 11. O-O exd4 12. Nxd4 Ne5 13. Rad1 Qc7 14. Be2 Re8 15.
h3 b6 16. Ncb5 cxb5 17. Nxb5 Qe7 18. Bxb6 Nh5 19. Nxd6 Bxh3 20. Nxe8 Bxg2 21.
Nxg7 Nxg7 22. Kxg2 Ne6 23. Be3 g5 24. Qd5 Nf4+ 25. Bxf4 gxf4 26. Qxa8+ Kg7 27.
Qd8 1-0

[Event "1. liga - V 17/18, Opava-SM"]
[Site ""]
[Date "2018.01.21"]
[Round "6.7"]
[White "Panis, Radim"]
[Black "Skalsky, Alexandr"]
[Result "1-0"]
[WhiteElo "2082"]
[BlackElo "2046"]
[PlyCount "0"]
[WhiteTeam "KVS Ekodivize Opava"]
[BlackTeam "SK Stare Mesto"]
[EventDate "2017.10.22"]

1. e4 c5 2. Nf3 d6 3. d4 cxd4 4. Nxd4 Nf6 5. Nc3 a6 6. Be3 e5 7. Nb3 Be6 8. h3
h5 9. f4 Nbd7 10. f5 Bxb3 11. axb3 Rc8 12. Rg1 d5 13. Nxd5 Nxe4 14. Qf3 Ng5 15.
Qe2 Bd6 16. O-O-O Rc6 17. g4 h4 18. Bg2 O-O 19. Nc3 Rxc3 20. bxc3 Ba3+ 21. Kb1
Nh7 22. Qd2 Qc7 23. Qxd7 Qxc3 24. Bc1 Bc5 25. Rd3 Qa5 26. Rgd1 b5 27. Bd2 Qb6
28. Qc6 1-0

[Event "1. liga - V 17/18, Opava-SM"]
[Site ""]
[Date "2018.01.21"]
[Round "6.8"]
[White "Horsak, Jan"]
[Black "Chwistek, Karel"]
[Result "1-0"]
[WhiteElo "2090"]
[BlackElo "2051"]
[PlyCount "0"]
[WhiteTeam "SK Stare Mesto"]
[BlackTeam "KVS Ekodivize Opava"]
[EventDate "2017.10.22"]

1. c4 e5 2. g3 Nc6 3. Bg2 f5 4. Nc3 Nf6 5. d3 Bc5 6. Nf3 O-O 7. Bg5 h6 8. Bxf6
Rxf6 9. Nd5 Rf8 10. O-O d6 11. a3 a5 12. Rb1 f4 13. b4 axb4 14. axb4 Ba7 15. b5
Ne7 16. Nh4 Nxd5 17. Bxd5+ Kh7 18. Be4+ Kg8 19. Qb3 Bc5 20. Bd5+ Rf7 21. d4
Bxd4 22. e3 Bc5 23. exf4 exf4 24. Qf3 g5 25. Bxf7+ Kxf7 26. Qh5+ Ke7 27. Rbe1+
Be6 28. Rxe6+ Kxe6 29. Re1+ Be3 30. Nf3 1-0

[Event "1. liga - V 17/18, Kromeriz-RnK"]
[Site ""]
[Date "2018.01.21"]
[Round "6.1"]
[White "Krejci, Jan"]
[Black "Sabuk, Piotr"]
[Result "1-0"]
[WhiteElo "2569"]
[BlackElo "2387"]
[PlyCount "0"]
[WhiteTeam "Slavia Kromeriz"]
[BlackTeam "Panda Rychnov nad Kneznou A"]
[EventDate "2017.10.22"]

1. d4 d5 2. c4 e6 3. Nc3 Nf6 4. Nf3 c5 5. cxd5 Nxd5 6.
e4 Nxc3 7. bxc3 cxd4 8. cxd4 Bb4+ 9. Bd2 Bxd2+ 10. Qxd2 O-O 11. Bc4 Nd7 12. O-O
b6 13. d5 Nc5 14. Qf4 Qf6 15. Qe3 Bb7 16. e5 Qg6 17. Rfd1 Rad8 18. d6 f6 19.
exf6 Rxf6 20. Ne1 Bd5 21. Rac1 Qe4 22. Qxe4 Nxe4 23. Rxd5 exd5 24. Bxd5+ Kf8
25. Bxe4 Rfxd6 26. Kf1 Rd1 27. Rxd1 Rxd1 28. Ke2 Ra1 29. Bd5 Ke7 30. Nc2 Rc1
31. Nd4 Kf6 32. Bb3 g5 33. h3 a6 34. Ke3 Re1+ 35. Ne2 h6 36. f4 gxf4+ 37. Kf2
Ra1 38. Nxf4 Ke5 39. Nd5 b5 40. Nc7 a5 41. Nxb5 a4 42. Bc4 Rc1 43. Bd3 Ra1 44.
a3 Kf4 45. g3+ Ke5 46. Kf3 Ra2 47. h4 Rd2 48. Be2 Rb2 49. Ke3 Rb3+ 50. Bd3 Rb2
51. Nd4 Ra2 52. Nc2 Rb2 53. g4 Kf6 54. Kd4 Rb3 55. Bc4 Rh3 56. h5 Kg5 57. Be6
Kf4 58. Kc4 Rb3 59. Bd7 Rb7 60. Bxa4 Rc7+ 61. Kb3 Re7 62. Bc6 Kxg4 63. a4 Kxh5
64. a5 Kg4 65. a6 Ra7 66. Nb4 h5 67. Kc4 h4 68. Kb5 Rc7 69. Kb6 Rc8 70. Bd7+
1-0

[Event "1. liga - V 17/18, Kromeriz-RnK"]
[Site ""]
[Date "2018.01.21"]
[Round "6.2"]
[White "Havelka, Josef"]
[Black "Malinovsky, Karel"]
[Result "0-1"]
[WhiteElo "2344"]
[BlackElo "2478"]
[PlyCount "0"]
[WhiteTeam "Panda Rychnov nad Kneznou A"]
[BlackTeam "Slavia Kromeriz"]
[EventDate "2017.10.22"]

1. e4 e5 2. Nf3 Nc6 3. Bb5 f5 4. d4 fxe4 5. Nxe5 Nxe5
6. dxe5 c6 7. Nc3 cxb5 8. Nxe4 d5 9. exd6 Nf6 10. Bg5 Qa5+ 11. Bd2 b4 12. Nxf6+
gxf6 13. Bf4 Be6 14. O-O Kf7 15. Re1 Qf5 16. Qd2 Rd8 17. Qxb4 Rd7 18. Rad1 Rg8
19. Bg3 Rg4 20. Rd4 a5 21. Qd2 Rxd4 22. Qxd4 Qxc2 23. h3 Qc4 24. Qd1 Qd5 25.
Qc2 Qf5 26. Qd1 Rd8 27. Re3 Bxa2 28. Kh2 Be6 29. Rf3 Qd5 30. Qc2 Kg8 31. Rxf6
Bxd6 32. Rf3 Be5 33. Bxe5 Qxe5+ 34. Rg3+ Kh8 35. f4 Qf6 36. Qc7 Rg8 37. Qxa5
Rxg3 38. Kxg3 Qxb2 39. f5 Bg8 40. Kf4 Qxg2 41. h4 Qf2+ 42. Kg4 Qd4+ 43. Kg3 h5
44. f6 Bf7 45. Qa8+ Kh7 46. Qxb7 Qg4+ 47. Kh2 Qxh4+ 48. Kg1 Qxf6 49. Kh1 Kh6
50. Qe4 Bg6 51. Qe3+ Qg5 52. Qd4 Qe7 53. Qf4+ Kh7 54. Kh2 Qe2+ 55. Kh3 Qe4 56.
Qc7+ Kh6 57. Qc1+ Kg7 58. Qc3+ Kf7 59. Qc7+ Kf6 60. Qd8+ Ke5 61. Qe7+ Kf4 62.
Qh4+ Kf3 63. Qg3+ Ke2 64. Kh2 Bf5 65. Qf2+ Kd1 66. Qg1+ Kd2 67. Qg5+ Ke2 68.
Qxh5+ Kf2 0-1

[Event "1. liga - V 17/18, Kromeriz-RnK"]
[Site ""]
[Date "2018.01.21"]
[Round "6.3"]
[White "Pastircak, Milan"]
[Black "Mareckova, Martina"]
[Result "1/2-1/2"]
[WhiteElo "2318"]
[BlackElo "2133"]
[PlyCount "0"]
[WhiteTeam "Slavia Kromeriz"]
[BlackTeam "Panda Rychnov nad Kneznou A"]
[EventDate "2017.10.22"]

1. d4 Nf6 2. Nf3 g6 3. Nc3 Bg7 4. e4 d6 5. Be2 O-O 6.
O-O c6 7. h3 Qa5 8. Bd2 Qc7 9. a4 e5 10. Be3 exd4 11. Nxd4 Re8 12. Bf3 Nbd7 13.
Re1 Ne5 14. Be2 Ned7 15. Bf3 Ne5 16. Be2 1/2-1/2

[Event "1. liga - V 17/18, Kromeriz-RnK"]
[Site ""]
[Date "2018.01.21"]
[Round "6.4"]
[White "Machlowski, Slawomir"]
[Black "Karlik, Vladimir"]
[Result "0-1"]
[WhiteElo "2124"]
[BlackElo "2225"]
[PlyCount "0"]
[WhiteTeam "Panda Rychnov nad Kneznou A"]
[BlackTeam "Slavia Kromeriz"]
[EventDate "2017.10.22"]

1. g3 Nf6 2. Bg2 g6 3. c4 Bg7 4. Nc3 O-O 5. d4 d6 6.
Nf3 c6 7. O-O Bf5 8. b3 Ne4 9. Bb2 Nxc3 10. Bxc3 Be4 11. Qd2 Nd7 12. Rfc1 Nf6
13. a4 d5 14. Bb2 e6 15. e3 Re8 16. b4 dxc4 17. Rxc4 a6 18. Rc5 Bd5 19. Ba3 Bf8
20. Rcc1 Bd6 21. Ne5 Bxg2 22. Nxf7 Kxf7 23. Kxg2 a5 24. bxa5 Bxa3 25. Rxa3 Rxa5
26. Qb2 {necitelny zapis} 0-1

[Event "1. liga - V 17/18, Kromeriz-RnK"]
[Site ""]
[Date "2018.01.21"]
[Round "6.5"]
[White "Mudrak, Josef"]
[Black "Smajzr, Martin"]
[Result "1-0"]
[WhiteElo "2279"]
[BlackElo "2184"]
[PlyCount "0"]
[WhiteTeam "Slavia Kromeriz"]
[BlackTeam "Panda Rychnov nad Kneznou A"]
[EventDate "2017.10.22"]

1. d4 Nf6 2. Nf3 d5 3. c4 e6 4. Nc3 Be7 5. Bf4 c6 6. e3
O-O 7. Qc2 Nbd7 8. Bd3 dxc4 9. Bxc4 Nd5 10. Bg3 N7f6 11. O-O Nxc3 12. bxc3 Nh5
13. Be5 f6 14. Bd3 g6 15. Bxg6 fxe5 16. Bxh5 exd4 17. cxd4 Bf6 18. Rad1 Kh8 19.
e4 Bd7 20. Qb3 Qc7 21. e5 Be7 22. Nd2 c5 23. Qh3 Be8 24. Bf3 Bg6 25. Qxe6 cxd4
26. Be4 Bxe4 27. Nxe4 Bc5 28. Nf6 Rf7 29. f4 Rd8 30. Rd3 b6 31. Rfd1 Rg7 32.
Ne8 1-0

[Event "1. liga - V 17/18, Kromeriz-RnK"]
[Site ""]
[Date "2018.01.21"]
[Round "6.6"]
[White "Novotny, Josef"]
[Black "Cagasik, Tomas"]
[Result "0-1"]
[WhiteElo "2044"]
[BlackElo "2202"]
[PlyCount "0"]
[WhiteTeam "Panda Rychnov nad Kneznou A"]
[BlackTeam "Slavia Kromeriz"]
[EventDate "2017.10.22"]

1. e3 d5 2. d3 Nf6 3. g3 c5 4. Bg2 Nc6 5. Ne2 h5 6. h3
Bf5 7. b3 Qd7 8. Bb2 e5 9. Nd2 Be7 10. a3 a5 11. Nf3 Qc7 12. Nc3 d4 13. Nb5 Qb6
14. a4 e4 15. Nh4 Bh7 16. dxe4 dxe3 17. O-O Rd8 18. Qe1 Nd4 19. fxe3 Nxc2 20.
Qf2 Nxa1 21. Bxa1 O-O 22. Qf4 Rd7 23. Qg5 Ne8 24. Qxh5 Qh6 25. Qe2 Bg5 26. Nf5
Bxf5 27. Rxf5 Bxe3+ 28. Kh1 Rd2 29. Qf1 Rc2 30. Qd3 Rd2 31. Qc4 Nd6 32. Nxd6
Qxd6 33. e5 Rd1+ 34. Rf1 Rxf1+ 35. Qxf1 Qd7 36. Qf3 Bd4 37. Bxd4 cxd4 38. Qxb7
Qxb7 39. Bxb7 Rb8 0-1

[Event "1. liga - V 17/18, Kromeriz-RnK"]
[Site ""]
[Date "2018.01.21"]
[Round "6.7"]
[White "Dvorak, Martin"]
[Black "Pavlicek, Miroslav"]
[Result "1-0"]
[WhiteElo "2169"]
[BlackElo "2022"]
[PlyCount "0"]
[WhiteTeam "Slavia Kromeriz"]
[BlackTeam "Panda Rychnov nad Kneznou A"]
[EventDate "2017.10.22"]

1. e4 Nf6 2. e5 Nd5 3. d4 d6 4. c4 Nb6 5. exd6 exd6 6.
Nc3 Be7 7. Be3 O-O 8. Bd3 Nc6 9. b3 Bf6 10. Nge2 Re8 11. O-O Bg4 12. Qd2 Bxe2
13. Nxe2 d5 14. c5 Nd7 15. b4 Nf8 16. b5 Ne7 17. Kh1 Qd7 18. Qc2 g6 19. Rab1
Ne6 20. Rfc1 b6 21. Qa4 bxc5 22. dxc5 d4 23. Bd2 Qd5 24. Bc4 Qf5 25. Bxe6 fxe6
26. Nxd4 Qxf2 27. Nf3 Nd5 28. Qe4 Rad8 29. Rc2 Kh8 30. Bg5 1-0

[Event "1. liga - V 17/18, Kromeriz-RnK"]
[Site ""]
[Date "2018.01.21"]
[Round "6.8"]
[White "Zikmund, Jaroslav"]
[Black "Stachon, Martin"]
[Result "0-1"]
[WhiteElo "1825"]
[BlackElo "2163"]
[PlyCount "0"]
[WhiteTeam "Panda Rychnov nad Kneznou A"]
[BlackTeam "Slavia Kromeriz"]
[EventDate "2017.10.22"]

1. d4 Nf6 2. c4 g6 3. Nc3 Bg7 4. Nf3 d6 5. e4 O-O 6. d5
Nbd7 7. Bd2 Nc5 8. Qc2 a5 9. Be2 e6 10. Be3 exd5 11. cxd5 Nfd7 12. Bd4 Re8 13.
O-O c6 14. Bxg7 Kxg7 15. Nd2 Nf6 16. dxc6 bxc6 17. f3 Ne6 18. Rad1 Nd4 19. Qb1
Qb6 20. Kh1 Nxe2 21. Nxe2 Ba6 22. Rde1 Rab8 23. b3 a4 24. Qc1 Re5 25. Nc4 Bxc4
26. Qxc4 axb3 27. axb3 Rb5 28. Rd1 d5 29. exd5 cxd5 30. Qd4 Rxb3 31. Qe5 Re8
32. Qa1 Rxe2 33. Rxd5 Rbb2 34. Rg5 Qe3 35. Rg3 Nh5 36. Rg4 f5 37. Rb4 Qd2 38.
Rb1 Qxb4 0-1

[Event "1. liga - V 17/18, Hostalkova-CT"]
[Site ""]
[Date "2018.01.21"]
[Round "6.1"]
[White "Ponizil, Cyril"]
[Black "Langner, Ladislav"]
[Result "1-0"]
[WhiteElo "2479"]
[BlackElo "2399"]
[PlyCount "0"]
[WhiteTeam "Sachy Hostalkova"]
[BlackTeam "Slavoj Cesky Tesin"]
[EventDate "2017.10.22"]

1. e4 g6 2. d4 Bg7 3. Nf3 c6 4. h3 d5 5. e5 Nh6 6. Be2 f6 7. exf6 exf6 8. O-O
O-O 9. c4 dxc4 10. Bxc4+ Kh8 11. Nc3 Nd7 12. a4 Nb6 13. Ba2 Nf5 14. a5 Nd5 15.
Nxd5 cxd5 16. Bd2 Be6 17. Re1 Re8 18. Bb4 Bf7 19. Qb3 Qd7 20. Bc5 Rxe1+ 21.
Rxe1 Bf8 22. Bb1 Nd6 23. Qb4 Kg8 24. Bd3 a6 25. Nh2 Re8 26. Rxe8 Bxe8 27. Ng4
Kg7 28. Be2 Be7 29. Ne3 Bf7 30. Bf3 Qc6 31. Qb6 Be6 32. Qxc6 bxc6 33. Be2 Bc8
34. Nc2 Kf7 35. Nb4 Nc4 36. Bxc4 dxc4 37. Nxc6 Bxc5 38. dxc5 Ke6 39. f4 Bd7 40.
Nb4 h5 41. Kf2 h4 42. Nxa6 Kd5 43. c6 Bc8 44. Nb4+ Kc5 45. a6 Kb6 46. Ke3 g5
47. fxg5 fxg5 48. Nd5+ Kxa6 49. Ne7 1-0

[Event "1. liga - V 17/18, Hostalkova-CT"]
[Site ""]
[Date "2018.01.21"]
[Round "6.2"]
[White "Molenda, Marcin"]
[Black "Roubalik, Jakub"]
[Result "1-0"]
[WhiteElo "2391"]
[BlackElo "2397"]
[PlyCount "0"]
[WhiteTeam "Slavoj Cesky Tesin"]
[BlackTeam "Sachy Hostalkova"]
[EventDate "2017.10.22"]

1. e4 c5 2. Nf3 d6 3. d4 cxd4 4. Qxd4 a6 5. c4 Nc6 6. Qd2 Nf6 7. Nc3 Bg4 8. Be2
g6 9. b3 Bg7 10. Bb2 O-O 11. O-O Nd7 12. Rab1 Qa5 13. Rfd1 Bxf3 14. Bxf3 Nd4
15. Bg4 f5 16. exf5 gxf5 17. Bh5 Nc6 18. a3 Qd8 19. Qg5 Kh8 20. Nd5 Bxb2 21.
Rxb2 Nf6 22. c5 Ne4 23. Qh6 e6 24. Bg6 Qd7 25. Nb6 Qg7 26. Qxg7+ Kxg7 27. Nxa8
Rxa8 28. Bh5 d5 29. b4 Nf6 30. Be2 e5 31. a4 Nd4 32. Bf1 f4 33. b5 axb5 34.
axb5 Ne4 35. Rc1 Rc8 36. c6 bxc6 37. bxc6 Rxc6 38. Rb7+ Kg8 39. Ra1 Rc8 40.
Raa7 Nf6 41. Rg7+ Kh8 42. Rgf7 Rc6 43. Ra8+ Ng8 44. Rd8 Rc1 45. h4 Ne2+ 46. Kh2
Rxf1 47. Rdd7 Nh6 48. Rxh7+ Kg8 49. Rxh6 1-0

[Event "1. liga - V 17/18, Hostalkova-CT"]
[Site ""]
[Date "2018.01.21"]
[Round "6.3"]
[White "Motuz, Karol"]
[Black "Mrazek, Lumir"]
[Result "1-0"]
[WhiteElo "2425"]
[BlackElo "2303"]
[PlyCount "0"]
[WhiteTeam "Sachy Hostalkova"]
[BlackTeam "Slavoj Cesky Tesin"]
[EventDate "2017.10.22"]

1. d4 Nf6 2. c4 g6 3. Nc3 d5 4. Bf4 Bg7 5. e3 e6 6. Nf3 O-O 7. Be2 b6 8. cxd5
Nxd5 9. Nxd5 exd5 10. Rc1 c5 11. dxc5 bxc5 12. Rxc5 Be6 13. Nd4 Qe7 14. Rc7
Qb4+ 15. Qd2 a5 16. a3 Qb6 17. O-O Ra7 18. Rfc1 Rxc7 19. Bxc7 Qb7 20. Bxa5 Bxd4
21. exd4 Nd7 22. Bb4 Re8 23. Qf4 Bf5 24. Bf1 Re4 25. Qd6 Rxd4 26. Rc7 Qb6 27.
Rc8+ Kg7 28. Rc6 Rxb4 29. Rxb6 Rxb6 30. Qxd5 Nf6 31. Qd4 Rb7 32. b4 Rd7 33. Qa1
Bc2 34. Qc3 Ba4 35. f3 Rd6 36. b5 Re6 37. Qb4 1-0

[Event "1. liga - V 17/18, Hostalkova-CT"]
[Site ""]
[Date "2018.01.21"]
[Round "6.4"]
[White "Mroziak, Maciej"]
[Black "Pala, Vladimir"]
[Result "1/2-1/2"]
[WhiteElo "2397"]
[BlackElo "2225"]
[PlyCount "0"]
[WhiteTeam "Slavoj Cesky Tesin"]
[BlackTeam "Sachy Hostalkova"]
[EventDate "2017.10.22"]

1. d4 Nf6 2. Nc3 d6 3. e4 g6 4. f3 c6 5. Be3 Bg7 6. Qd2 b5 7. O-O-O a6 8. Nge2
Bb7 9. Bh6 Bxh6 10. Qxh6 Qc7 11. g3 Nbd7 12. Bh3 O-O-O 13. Qe3 Kb8 14. Bxd7
Nxd7 15. h4 h5 16. f4 Nf6 17. Rhe1 e6 18. e5 Ng4 19. Qg1 d5 20. Nb1 Rc8 21. b4
a5 22. a3 a4 23. Nd2 Qe7 24. Kb1 Kc7 25. Nf3 Ra8 26. Nc1 Bc8 27. Nd3 Bd7 28.
Ng5 Kb7 29. Nc5+ Kc7 30. Rd3 Bc8 31. Re2 Kb8 32. Qe1 Ra7 33. Qc3 Nh6 34. Nf3
Nf5 35. Ne1 Re8 36. Rf3 Rh8 37. Ng2 Ka8 38. Ne3 Nxe3 39. Rfxe3 Kb8 40. Rh2 Kc7
41. Qe1 Bd7 42. Nd3 Raa8 43. Kb2 Kb7 44. Qc3 Kc7 45. Re1 Rh7 46. Rg1 Rah8 47.
Qc5 Qxc5 48. bxc5 Ra8 49. Kc3 Rah8 50. Kb4 Ra8 51. Ne1 Kd8 52. g4 hxg4 53. Rxg4
Ke7 54. Nf3 Rah8 55. Rg5 Be8 56. Kc3 Bd7 57. Kb2 Bc8 58. c3 Bd7 59. Kc2 Rh6 60.
Kd2 Rh5 61. Ke3 Be8 62. Kf2 Bd7 63. Rxh5 Rxh5 64. Rg2 Be8 65. Rg5 f5 66. exf6+
Kxf6 67. Kg3 Rh7 68. Re5 Bd7 69. Kg4 Rh8 70. Kg3 Rh6 71. Rg5 Rh8 72. Ne5 Be8
73. Ng4+ Ke7 74. Re5 Kf7 75. Re2 Rh5 76. Re3 Rh8 77. Nf2 Kf6 78. Nh3 Bd7 79.
Re5 Rh6 80. Nf2 Rh8 81. Ng4+ Kf7 82. Ne3 Be8 83. Kh3 Bd7 84. Kg4 Kf6 85. Nf1
Be8 86. Ng3 Bf7 87. Ne2 Be8 88. Ng1 Bd7 89. Nf3 Be8 90. Kg3 Bd7 91. Re2 Be8 92.
Ne5 Rh7 93. Nf3 Rh8 94. Re1 Bd7 95. Re5 Rh6 96. Kg4 Rh8 97. Nh2 Rh7 98. Nf1 Rh8
99. Ng3 Be8 100. Kh3 Bf7 101. Ne2 Be8 102. Nc1 Bd7 103. Nd3 Be8 104. Nf2 Bd7
105. Ng4+ Kf7 106. Kg3 Be8 107. Re3 Rh5 108. Re2 Rh8 1/2-1/2